Propuesta de diseño para un sistema de video bajo demanda en la Plataforma de Video y Audio Interactivo de la Red Avanzada Internet (RAI) del Instituto Costarricense de Electricidad
Guardado en:
| Hovedforfatter: | |
|---|---|
| Format: | Bog |
| Udgivet: |
2006
[San José, Costa Rica]
|
| Fag: | |
| Tags: |
Tilføj Tag
Ingen Tags, Vær først til at tagge denne postø!
|
MARC
| LEADER | 00000nam a2200000Ia 4500 | ||
|---|---|---|---|
| 003 | 009675 | ||
| 005 | 20221231144124.0 | ||
| 008 | 140114s2006 cr a m 000 ||s d | ||
| 040 | |c cru CEDI | ||
| 090 | |a TFG 5206 | ||
| 100 | |a León Vargas, José Pablo |9 5695 | ||
| 245 | |a Propuesta de diseño para un sistema de video bajo demanda en la Plataforma de Video y Audio Interactivo de la Red Avanzada Internet (RAI) del Instituto Costarricense de Electricidad | ||
| 260 | |c [San José, Costa Rica] |b 2006 | ||
| 300 | |a xiii, 132 hojas : ilustraciones (algunas a color) | ||
| 500 | |a Proyecto de graduación (maestría en ingeniería eléctrica, mención comunicaciones digitales)--Universidad de Costa Rica. [Sistema de Estudios de Posgrado]. Facultad de Ingeniería. Escuela de Ingeniería Eléctrica, | ||
| 650 | |x VIDEO DE DIAL TONO |x VIDEO DIGITAL |x COMPRESION DE VIDEOS |x REDES DE BANDA ANCHA |x REDES DE TELECOMUNICACIONES |9 5696 | ||
| 942 | |c TFG | ||
| 999 | |c 17218 |d 17218 | ||
